[Event "JAGI 1"]
[Site "SchemingMind.com"]
[Date "2024.01.20"]
[Round "-"]
[White "eliecercruzr"]
[Black "mrfamous"]
[Result "1/2-1/2"]
[WhiteCountry "CUB"]
[BlackCountry "AUS"]
[WhiteElo "2437"]
[WhiteRD "63"]
[BlackElo "2520"]
[BlackRD "77"]
[GameID "741659"]

1. e4 c5 2. c3 Nf6 3. e5 Nd5 4. Nf3 Nc6 5. Bc4 Nb6 6. Bb3 d5 7. exd6 Qxd6 8. d4 cxd4 9. O-O Be6 10. Nxd4 Nxd4
11. cxd4 Bxb3 12. Qxb3 e6 13. Nc3 Qb4 14. d5 Qxb3 15. axb3 Nxd5 16. Nxd5 exd5 17. Be3 a6 18. Rac1 Bd6 19. Rfd1 Ke7 20. Rxd5 Ke6
21. Rd2= Rhd8 22. Re1 Kf6 23. Bd4+ Kg6 24. Bc3 f6 25. g3 Kf7 26. Ba5 Bc7 27. Bb4 Be5 28. Red1 Rxd2 29. Rxd2 a5 30. Ba3 Ke6
31. f4 Bc7 32. Re2+ Kd5 33. Rd2+ Ke6 34. Re2+ Kf5 35. Kf2 h5 36. Re7 Rc8 37. Kf3 g5 38. fxg5 fxg5 39. Rf7+ Kg6 40. Rd7 b5
41. Bd6 Bb6 42. h3= Rc1 43. Bb8 Rf1+ 44. Ke2=
1/2-1/2

[Event "JAGI 1"]
[Site "SchemingMind.com"]
[Date "2024.01.21"]
[Round "-"]
[White "mrfamous"]
[Black "Steven DuCharme"]
[Result "1-0"]
[WhiteCountry "AUS"]
[BlackCountry "USA"]
[WhiteElo "2421"]
[WhiteRD "117"]
[BlackElo "1509"]
[BlackRD "51"]
[GameID "741661"]

1. Nf3 Nf6 2. g3 b6 3. Bg2 Bb7 4. c4 e6 5. O-O Be7 6. Nc3 O-O 7. Re1 Re8 8. e4 d6 9. d4 Nbd7 10. e5 dxe5
11. dxe5 Ng4 12. h3 Nh6 13. Bxh6 gxh6 14. Nd4 Bxg2 15. Kxg2 Qc8 16. Qf3 a6 17. Rad1 Nc5 18. Nc6 Bf8 19. b4 Nd7 20. Ne4
1-0

[Event "JAGI 1"]
[Site "SchemingMind.com"]
[Date "2024.01.20"]
[Round "-"]
[White "Kenny Elliott"]
[Black "mrfamous"]
[Result "0-1"]
[WhiteCountry "USA"]
[BlackCountry "AUS"]
[WhiteElo "1495"]
[WhiteRD "73"]
[BlackElo "2466"]
[BlackRD "107"]
[GameID "741662"]

1. d4 Nf6 2. Nf3 d5 3. Nc3 e6 4. Bg5 Bb4 5. Qd3 c5 6. a3 c4 7. Qe3 Qa5 8. Bxf6 gxf6 9. g3 Bd7 10. Bg2 Nc6
11. O-O Bxc3 12. bxc3 O-O-O 13. Qf4 Qxc3 14. Rfc1 f5 15. Ng5 Nxd4 16. Kf1 Be8 17. Qe5 Nb5 18. Qf4 Qd4 19. Qxd4 Nxd4 20. e3 Nc6
21. a4 a5 22. c3 Ne5 23. Rcb1 Nd3 24. Nf3 Nc5 25. Rb6 Nxa4 26. Rab1 Nxb6 27. Rxb6 Kc7 28. Rb1 Rd6 29. Ra1 a4 30. Nd4 Rb6
31. Bf3 Bd7 32. Bd1 Ra8 33. h4 a3 34. Bh5 a2
0-1

[Event "JAGI 1"]
[Site "SchemingMind.com"]
[Date "2024.01.20"]
[Round "-"]
[White "Phillip Beckett"]
[Black "mrfamous"]
[Result "0-1"]
[WhiteCountry "ENG"]
[BlackCountry "AUS"]
[WhiteElo "1461"]
[WhiteRD "52"]
[BlackElo "2466"]
[BlackRD "107"]
[GameID "741663"]

1. e4 c5 2. Nf3 d6 3. d4 cxd4 4. Nxd4 Nf6 5. Nc3 g6 6. Be3 Bg7 7. Qd2 Nc6 8. O-O-O Ng4 9. f3 Nxe3 10. Qxe3 Nxd4
11. Rxd4 Qb6 12. Rd3 Qxe3+ 13. Rxe3 Bh6 14. Kd2 Bd7 15. Ke2 Bxe3 16. Kxe3 Rc8 17. Bd3 e6 18. Rd1 Ke7 19. Ne2 f5 20. exf5 gxf5
21. c3 e5 22. f4 e4 23. Bc2 h5 24. Nd4 Rcg8 25. g3 h4 26. Rg1 hxg3 27. hxg3 Rh2 28. Ne2 Rgh8 29. g4 R8h3+ 30. Kd4 Rxe2
31. gxf5 Rxc2 32. Rg7+ Ke8
0-1

[Event "JAGI 1"]
[Site "SchemingMind.com"]
[Date "2024.01.21"]
[Round "-"]
[White "pmdpsp"]
[Black "mrfamous"]
[Result "0-1"]
[WhiteCountry "GER"]
[BlackCountry "AUS"]
[WhiteElo "1667"]
[WhiteRD "72"]
[BlackElo "2421"]
[BlackRD "117"]
[GameID "741664"]

1. g4 d5 2. Bg2 Bxg4 3. c4 c6 4. cxd5 cxd5 5. Qa4+ Bd7 6. Qb3 e6 7. Qxb7 Nc6 8. Qb3 Rc8 9. Nc3 d4 10. Nd1 Nb4
11. Be4 Nf6 12. a3 Qa5 13. Bb1 Rxc1 14. Nf3 Ba4
0-1

[Event "JAGI 1"]
[Site "SchemingMind.com"]
[Date "2024.01.20"]
[Round "-"]
[White "malcolm chugg"]
[Black "mrfamous"]
[Result "0-1"]
[WhiteCountry "WLS"]
[BlackCountry "AUS"]
[WhiteElo "1134"]
[WhiteRD "52"]
[BlackElo "2421"]
[BlackRD "117"]
[GameID "741665"]

1. f4 b6 2. e4 Bb7 3. e5 c5 4. Qe2 Nc6 5. Qe4 Qc7 6. d3 Nd4 7. Qe3 Nxc2+ 8. Kd2 Nxe3 9. Kxe3 d6 10. d4 cxd4+
11. Kd2 Rc8 12. Bb5+ Kd8 13. Ne2 Qc2+ 14. Ke1 d3 15. Bxd3 Qxd3 16. Bd2 Rc2 17. Nbc3 Qxd2+ 18. Kf2 Qxf4+ 19. Kg1 Qg4 20. Ng3 Qd4+
21. Kf1 Qf2#
0-1

[Event "JAGI 1"]
[Site "SchemingMind.com"]
[Date "2024.01.20"]
[Round "-"]
[White "kenneth m day"]
[Black "mrfamous"]
[Result "0-1"]
[WhiteCountry "USA"]
[BlackCountry "AUS"]
[WhiteElo "1690"]
[WhiteRD "59"]
[BlackElo "2466"]
[BlackRD "107"]
[GameID "741666"]

1. e4 c5 2. d4 cxd4 3. c3 dxc3 4. Nxc3 e6 5. Nf3 a6 6. Bc4 b5 7. Bb3 Bb7 8. O-O Nc6 9. Bf4 Na5 10. Bc2 Rc8
11. Re1 Bc5 12. a3 Nc4 13. Qc1 Nf6 14. b3 Nxa3 15. Bd3 b4 16. e5 Ng4 17. h3 Nxf2
0-1

[Event "JAGI 1"]
[Site "SchemingMind.com"]
[Date "2024.01.20"]
[Round "-"]
[White "mrfamous"]
[Black "Chessibelle"]
[Result "1-0"]
[WhiteCountry "AUS"]
[BlackCountry "ENG"]
[WhiteElo "2421"]
[WhiteRD "117"]
[BlackElo "1055"]
[BlackRD "56"]
[GameID "741667"]

1. Nf3 Nc6 2. d4 d5 3. c4 Nf6 4. cxd5 Qxd5 5. Nc3 Qd8 6. d5 Nb4 7. Qa4+ Bd7 8. Qxb4 b6 9. Qh4 h6 10. e4 e6
11. dxe6 Bxe6 12. Bb5+ Ke7 13. e5 a6 14. exf6+ gxf6 15. Bc6 Rb8 16. Bf4 Rc8 17. Be5 Bg7 18. Qb4+
1-0

[Event "JAGI 1"]
[Site "SchemingMind.com"]
[Date "2024.01.25"]
[Round "-"]
[White "mrfamous"]
[Black "JAHI"]
[Result "1-0"]
[WhiteCountry "AUS"]
[BlackCountry "INT"]
[WhiteElo "2499"]
[WhiteRD "108"]
[BlackElo "2197"]
[BlackRD "74"]
[GameID "741668"]

1. Nf3 f6 2. d4 f5 3. c4 Nf6 4. Nc3 a6 5. Bg5 a5 6. Bxf6 exf6 7. a3 Na6 8. e3 c6 9. h4 c5 10. Bd3 d6
11. h5 Be6 12. Qc2 Qc7 13. d5 Bd7 14. Bxf5 Bxf5 15. Qxf5 Qd7 16. g4 Qxf5 17. gxf5 Kf7 18. Ke2 Be7 19. Rag1 Rhg8 20. Rg3 Rac8
21. Rhg1 Bf8 22. Nh4 Rh8 23. Ng2 Nc7 24. Nf4 b6 25. Ne6 Ne8 26. e4 Ra8 27. Na4 Be7 28. Rxg7+ Nxg7 29. Rxg7+ Ke8 30. Nc7+ Kf8
31. Ne6+ Ke8 32. Nc7+ Kf8 33. h6 Rb8 34. Nc3 Rd8 35. N3b5 Rd7 36. Kd3 Rd8 37. Kc2 a4 38. Ne6+ Ke8 39. Nbc7+ Kd7 40. Nxd8 Kxd8
41. Ne6+ Kd7 42. Kc3 Ke8 43. b3 Kd7 44. bxa4 Ke8 45. Kb3 Kd7 46. a5 bxa5 47. Ka4 Ke8 48. f4 Kd7 49. e5 dxe5 50. fxe5 Re8
51. exf6 Kd6 52. Rxe7 Rxe7 53. fxe7 Kxe7 54. Kxa5 Kf6 55. d6 Kxf5 56. d7 Kxe6 57. d8=Q Ke5 58. Qh8+ Ke4 59. Qxh7+ Ke5 60. Qg7+ Ke4
61. h7 Kd3 62. h8=Q Kxc4 63. Qc3+ Kd5 64. Qhe5+ Kc6 65. Qd3 c4 66. Qdd5#
1-0